[Event "GMB"]
[Site "Bermuda BER"]
[Date "2003.02.01"]
[Round "7"]
[White "Paschall,W"]
[Black "Dinstuhl,V"]
[Result "0-1"]
[WhiteElo "2444"]
[BlackElo "2416"]
[EventDate "2003.01.25"]

1. d4 Nf6 2. c4 g6 3. Nf3 Bg7 4. g3 O-O 5. Bg2 d5 6. O-O dxc4 7. Na3 Nc6 8.
Nxc4 Be6 9. b3 a5 10. Bb2 Bd5 11. Ne3 Be4 12. Ne5 Bxg2 13. Kxg2 Nd5 14.
N3c4 Nxe5 15. dxe5 b5 16. Nd2 Qc8 17. Qc2 Rd8 18. Nf3 c5 19. a4 b4 20. Rfd1
Qc6 21. Bd4 Rac8 22. e4 cxd4 23. Qxc6 Rxc6 24. exd5 Rxd5 25. Nxd4 Rc3 26.
Nb5 Rcd3 27. Rxd3 Rxd3 28. f4 f6 29. exf6 Bxf6 30. Rb1 Kf7 31. Na7 Rc3 32.
Nb5 Rc2+ 33. Kh3 h5 34. Re1 Rb2 35. Re3 Bg7 36. Nc7 Bd4 37. Rd3 Bg1 38. Kh4
Rxh2+ 39. Kg5 Rc2 40. Nb5 Rc5+ 41. Kh6 Bh2 42. Rf3 Rd5 43. Na7 Rf5 44. Nc6
h4 45. Ne5+ Ke6 46. Nxg6 hxg3 47. Nh4 Rc5 48. Re3+ Kf6 49. Re2 Rc3 50. f5
Rc6 51. Kh5 Bg1 52. Kg4 Bf2 53. Kh3 g2 54. Nxg2 Rc3+ 55. Kh2 Bg3+ 56. Kh3
Bd6+ 57. Kh4 Rxb3 58. Ne3 Ra3 59. Kg4 Rxa4 60. Nd5+ Kf7 61. Nb6 Ra1 62. Nc4
b3 63. Rb2 Ra4 0-1

[Event "GMB"]
[Site "Bermuda BER"]
[Date "2003.02.01"]
[Round "7"]
[White "Mulyar,M"]
[Black "Seul,G"]
[Result "1/2-1/2"]
[WhiteElo "2446"]
[BlackElo "2437"]
[EventDate "2003.01.25"]

1. e4 d6 2. d4 g6 3. Nc3 Bg7 4. f4 Nf6 5. Nf3 c5 6. Bb5+ Bd7 7. e5 Ng4 8.
e6 fxe6 9. Ng5 Bxb5 10. Nxb5 Qa5+ 11. c3 Qxb5 12. Nxe6 Qc4 13. Qxg4 cxd4
14. f5 Bf6 15. fxg6 Nc6 16. Nc7+ Kd8 17. Ne6+ Ke8 18. Nc7+ Kd8 19. Ne6+
1/2-1/2

[Event "GMB"]
[Site "Bermuda BER"]
[Date "2003.02.02"]
[Round "8"]
[White "Kallio,H"]
[Black "Seul,G"]
[Result "1/2-1/2"]
[WhiteElo "2474"]
[BlackElo "2437"]
[EventDate "2003.01.25"]

1. Nf3 d6 2. d4 Bg4 3. Qd3 Nd7 4. Qe4 Bxf3 5. Qxf3 c6 6. e4 g6 7. Bc4 e6 8.
c3 Bg7 9. O-O Ngf6 10. Bg5 Qa5 11. Be3 Nxe4 12. Bxe6 fxe6 13. Qxe4 Qf5 14.
Nd2 O-O 15. Qxf5 gxf5 16. Bg5 d5 17. Nf3 e5 18. dxe5 Nxe5 19. Nxe5 Bxe5 20.
Rad1 Rae8 21. Rfe1 Kf7 22. g3 Bg7 23. Be3 a6 24. f3 Be5 25. Kf2 b5 26. Bc5
Rg8 27. Re2 Bc7 28. a4 Rxe2+ 29. Kxe2 Rb8 30. b4 a5 31. axb5 axb4 32. cxb4
Rxb5 33. Rd4 Be5 34. Rd3 Ke6 35. Re3 Kf6 36. Ra3 Ke6 37. Re3 Kf6 38. Kd3 f4
39. gxf4 Bxf4 40. Re8 Rb7 41. h3 Bg3 42. Rg8 Be5 43. Rc8 Rc7 44. Rg8 Ke6
45. Re8+ Kf5 46. Rf8+ Ke6 47. f4 Bg7 48. f5+ 1/2-1/2

[Event "GMB"]
[Site "Bermuda BER"]
[Date "2003.02.02"]
[Round "8"]
[White "Dinstuhl,V"]
[Black "Mulyar,M"]
[Result "1-0"]
[WhiteElo "2416"]
[BlackElo "2446"]
[EventDate "2003.01.25"]

1. c4 e5 2. Nc3 Nf6 3. Nf3 Nc6 4. g3 d5 5. cxd5 Nxd5 6. Bg2 Nb6 7. O-O Be7
8. d3 O-O 9. a3 Be6 10. b4 a5 11. b5 Nd4 12. Nd2 c6 13. bxc6 Nxc6 14. Nf3
a4 15. Be3 Bb3 16. Qd2 Rc8 17. Rfc1 f5 18. Qb2 Nd7 19. Nd2 f4 20. Nxb3 fxe3
21. Nxa4 exf2+ 22. Kh1 Bg5 23. Rf1 Be3 24. Nc3 Nd4 25. Nd5 Rc2 26. Qb1 Rxe2
27. Nxe3 Rxe3 28. Nxd4 exd4 29. Qa2+ Kh8 30. Rxf2 Rxf2 31. Qxf2 Rxd3 32.
Bxb7 Nc5 33. Bg2 Rc3 34. Qf7 Nd3 35. Rf1 Rc8 36. Qf5 Nc5 37. Bh3 1-0

[Event "GMB"]
[Site "Bermuda BER"]
[Date "2003.02.02"]
[Round "8"]
[White "Moreno Carnero,J"]
[Black "Paschall,W"]
[Result "1/2-1/2"]
[WhiteElo "2508"]
[BlackElo "2444"]
[EventDate "2003.01.25"]

1. e4 c5 2. Nf3 Nc6 3. d4 cxd4 4. Nxd4 Nf6 5. Nc3 d6 6. Bg5 e6 7. Qd2 Qb6
8. Nb3 a6 9. O-O-O Qc7 10. Kb1 Rb8 11. f4 b5 12. Bxf6 gxf6 13. Ne2 b4 14.
Ng3 a5 15. Nh5 Be7 16. Be2 a4 17. Nd4 Nxd4 18. Qxd4 e5 19. Qd2 Rg8 20. g4
b3 21. cxb3 axb3 22. Rhe1 Be6 23. Rc1 bxa2+ 24. Ka1 Qb6 25. f5 Bb3 26. Rc3
d5 27. exd5 Bxd5 28. Bc4 Bxc4 29. Rxc4 Ba3 30. Nxf6+ Qxf6 31. bxa3 e4+ 32.
Kxa2 Rxg4 33. Rcxe4+ Rxe4 34. Rxe4+ Kf8 35. Qd4 Qxd4 36. Rxd4 Kg7 37. a4
Kf6 38. Rf4 Ke5 39. Rf2 Kd4 40. Rb2 Re8 41. Rb7 Re2+ 42. Kb3 Rxh2 43. Rxf7
Rh1 44. f6 Ke5 45. a5 Ra1 46. Kb4 h5 47. Kb5 Ke6 48. Rf8 Rb1+ 49. Kc6 Rc1+
50. Kb7 Rb1+ 51. Ka7 h4 52. a6 h3 53. Rh8 Kxf6 54. Rxh3 Ke7 55. Rh6 Kd7 56.
Rb6 Rc1 57. Kb7 Rc7+ 58. Ka8 Rc8+ 59. Rb8 Rc1 60. Kb7 Rb1+ 61. Ka8 Ra1 62.
a7 Kc7 63. Rb2 Rc1 1/2-1/2

[Event "GMB"]
[Site "Bermuda BER"]
[Date "2003.02.02"]
[Round "8"]
[White "Perelshteyn,E"]
[Black "Fridman,D"]
[Result "1/2-1/2"]
[WhiteElo "2442"]
[BlackElo "2572"]
[EventDate "2003.01.25"]

1. e4 c6 2. d4 d5 3. Nc3 dxe4 4. Nxe4 Bf5 5. Ng3 Bg6 6. h4 h6 7. Nf3 e6 8.
h5 Bh7 9. Bd3 Bxd3 10. Qxd3 Nd7 11. Bf4 Ngf6 12. O-O-O Be7 13. Ne2 Nd5 14.
Bd2 Nb4 15. Bxb4 Bxb4 16. Ne5 Nxe5 17. dxe5 Qxd3 18. Rxd3 Rd8 19. Rhd1 Rxd3
20. Rxd3 Bc5 21. f4 f6 22. exf6 gxf6 23. Rg3 Kf7 24. c4 Rd8 25. Kc2 e5 26.
fxe5 fxe5 27. Nc3 Rd4 28. Rg6 Rxc4 29. Rxh6 Rg4 30. Rh7+ Ke6 31. Rxb7 Rxg2+
32. Kd3 Bb6 33. h6 Rxb2 34. h7 Rh2 35. Ne4 Rh3+ 36. Kc4 Rh4 37. Kd3 Rh3+
38. Kc4 Kf5 39. Nd6+ Kf6 40. Ne8+ Kf5 41. Nd6+ Kf6 42. Nc8 Rh4+ 43. Kb3
Rh3+ 44. Kc4 Rh4+ 45. Kb3 Rh3+ 1/2-1/2

[Event "GMB"]
[Site "Bermuda BER"]
[Date "2003.02.03"]
[Round "9"]
[White "Fridman,D"]
[Black "Kallio,H"]
[Result "1/2-1/2"]
[WhiteElo "2572"]
[BlackElo "2474"]
[EventDate "2003.01.25"]

1. Nf3 d5 2. d4 Nf6 3. c4 c6 4. Qc2 g6 5. Bf4 Bg7 6. e3 O-O 7. Nc3 Qa5 8.
cxd5 Nxd5 9. Be5 c5 10. Bxg7 Kxg7 11. Qd2 cxd4 12. Nxd5 Qxd5 13. Qxd4+ Qxd4
14. Nxd4 Bd7 15. Rc1 e5 16. Nb5 a6 17. Nd6 Bc6 18. Nc4 Nd7 19. f3 a5 20.
Be2 Bd5 21. Kf2 Rfc8 22. Rhd1 Rc5 23. Rc3 Be6 24. Rdc1 b6 25. a4 Rac8 26.
Ke1 R5c6 27. Kd2 Rd8 28. Ke1 Rdc8 29. Kd2 Rd8 30. Ke1 1/2-1/2

[Event "GMB"]
[Site "Bermuda BER"]
[Date "2003.02.03"]
[Round "9"]
[White "Berg,E"]
[Black "Perelshteyn,E"]
[Result "0-1"]
[WhiteElo "2527"]
[BlackElo "2442"]
[EventDate "2003.01.25"]

1. e4 c6 2. Nc3 d5 3. Nf3 Bg4 4. h3 Bxf3 5. Qxf3 e6 6. Qg3 Nf6 7. exd5 exd5
8. d4 g6 9. Qe5+ Qe7 10. Qxe7+ Bxe7 11. Bh6 Bf8 12. Bxf8 Kxf8 13. Kd2 Nbd7
14. Re1 Kg7 15. Bd3 Rae8 16. b4 Nb6 17. b5 cxb5 18. Nxb5 Ne4+ 19. Bxe4 dxe4
20. Na3 Re6 21. c4 Rc8 22. Rc1 Rec6 23. c5 Nd5 24. Nb5 Ra6 25. Nd6 Rcc6 26.
Rc2 Ra4 27. Nxb7 Rxd4+ 28. Ke2 Rb4 29. Na5 Rc7 30. g3 Rb5 31. Nb3 Nb4 32.
a4 Rb8 33. Rc4 Nc6 34. Nd2 f5 35. Rb1 Rxb1 36. Nxb1 Ne5 37. Rc3 Nd3 38. Na3
Rxc5 39. Rb3 Ra5 40. Rb7+ Kh6 41. Nb5 Rxa4 42. Rxa7 Rb4 43. Nd6 Rb2+ 44.
Ke3 Nxf2 45. Nf7+ Kh5 46. Ne5 h6 47. Ra1 Nxh3 48. Rh1 Rb3+ 0-1

[Event "GMB"]
[Site "Bermuda BER"]
[Date "2003.02.03"]
[Round "9"]
[White "Paschall,W"]
[Black "Schmaltz,R"]
[Result "1/2-1/2"]
[WhiteElo "2444"]
[BlackElo "2529"]
[EventDate "2003.01.25"]

1. e4 d6 2. d4 Nf6 3. Nc3 g6 4. Nf3 Bg7 5. Be2 O-O 6. O-O c6 7. a4 Nbd7 8.
Be3 Qc7 9. Nd2 b6 10. f4 Bb7 11. Qe1 a6 12. Qh4 b5 13. e5 b4 14. Nde4 Nxe4
15. Nxe4 c5 16. Ng5 h6 17. f5 hxg5 18. Bxg5 cxd4 19. f6 exf6 20. exf6 Bh8
21. Qh6 Qxc2 22. Bf3 Nxf6 23. Bxb7 Ng4 24. Qh3 Ra7 25. Rac1 Qxb2 26. Bd5
Ne3 27. Rc8 Bg7 28. Rxf7 Raxf7 29. Bxf7+ Kxf7 30. Qd7+ Kg8 31. Qe6+ Kh7 32.
Qh3+ 1/2-1/2

[Event "GMB"]
[Site "Bermuda BER"]
[Date "2003.02.03"]
[Round "9"]
[White "Mulyar,M"]
[Black "Moreno Carnero,J"]
[Result "1/2-1/2"]
[WhiteElo "2446"]
[BlackElo "2508"]
[EventDate "2003.01.25"]

1. e4 c5 2. Nf3 d6 3. d4 cxd4 4. Nxd4 Nf6 5. Nc3 a6 6. Be3 e5 7. Nb3 Be7 8.
f3 Be6 9. Qd2 O-O 10. O-O-O Qc7 11. g4 Nbd7 12. Kb1 b5 13. g5 Nh5 14. Nd5
Bxd5 15. exd5 Nb6 16. Na5 Nxd5 17. Qxd5 Qxa5 18. Rg1 g6 19. Bh3 Qc7 20. Bg4
Nf4 21. Bxf4 exf4 22. Rge1 Rfe8 23. Re4 Bf8 24. a3 Rad8 25. h4 Re7 26. Rxf4
Re2 27. Qb3 Rde8 28. Rfd4 Rh2 29. f4 Re3 30. R4d3 Re4 31. Bf3 Rxf4 32. Bd5
Bg7 33. Re1 Be5 34. Rh3 Rxh3 35. Qxh3 Qc5 36. Bb3 a5 37. h5 a4 38. Ba2 gxh5
39. Qxh5 Qd4 40. c3 Qd3+ 41. Ka1 Rf2 42. Qd1 Qxd1+ 43. Rxd1 b4 44. axb4 a3
45. Rd3 Rxb2 46. Rf3 Rxb4 47. Bxf7+ Kg7 48. Ka2 Rg4 49. Kxa3 Rxg5 50. Be8
Bf6 51. Kb3 h5 52. Rh3 Kh6 53. c4 Re5 54. Bd7 Re7 55. Bc8 Rc7 56. Be6 Rb7+
57. Kc2 h4 58. Kd3 Kg5 59. Ke4 Rb1 60. Re3 Rc1 61. Rf3 Be5 62. Rf5+ Kg6 63.
Rf3 Bg3 64. Bf7+ Kg5 65. Be6 Bf4 66. Kd5 Rd1+ 67. Kc6 Rd4 68. c5 Rd2 69.
Rc3 Kf6 70. Bb3 Ke5 71. cxd6 Rxd6+ 72. Kc5 Rh6 73. Rh3 Bg3 74. Ba4 Ra6 75.
Bb5 Ra1 76. Bc6 Rc1+ 77. Kb5 Rb1+ 78. Kc4 Rc1+ 79. Kb5 Kd6 80. Be4 Re1 81.
Bg2 Re2 82. Bf3 Rf2 83. Be4 Ke5 84. Bc6 Kd4 85. Rh1 Rb2+ 86. Ka4 Rc2 87.
Bd7 Ke3 88. Kb3 Rc7 89. Bh3 Be5 90. Be6 Bg3 91. Bh3 Ke2 92. Bg4+ Kf2 93.
Bh3 Be5 94. Bf5 Rc3+ 95. Kb4 Rf3 96. Bh3 Kg3 97. Bd7 Rf7 98. Be6 Re7 99.
Bf5 Bf6 100. Bh3 Bd4 101. Kc4 Bf2 102. Kd3 Kf3 103. Rf1 Re8 104. Rb1 Rd8+
105. Kc3 Re8 106. Kd3 Be1 107. Kc4 Kg3 108. Rb3+ Kh2 109. Bf1 Rf8 110. Bh3
Bg3 111. Be6 Rf6 112. Bd7 Rf1 113. Be6 Rf2 114. Rb7 h3 115. Rh7 Rf4+ 116.
Kd3 Bh4 117. Ke3 Rf6 118. Bd7 Bg5+ 119. Ke4 Bh6 120. Ke5 Ra6 121. Be6 Ra5+
122. Kf6 Bg5+ 123. Kg6 Ra6 1/2-1/2

[Event "GMB"]
[Site "Bermuda BER"]
[Date "2003.02.03"]
[Round "9"]
[White "Seul,G"]
[Black "Dinstuhl,V"]
[Result "1-0"]
[WhiteElo "2437"]
[BlackElo "2416"]
[EventDate "2003.01.25"]

1. e4 c5 2. Nf3 d6 3. Bc4 Nf6 4. d3 Nc6 5. c3 e6 6. Bb3 Be7 7. O-O O-O 8.
Re1 b6 9. Nbd2 Ba6 10. Nf1 Ne5 11. Bc2 Rc8 12. Bf4 Nfd7 13. Ne3 Nxf3+ 14.
Qxf3 Ne5 15. Qd1 Ng6 16. Bg3 Bh4 17. d4 Bxg3 18. hxg3 cxd4 19. cxd4 e5 20.
Bb3 Ne7 21. dxe5 dxe5 22. Qh5 Nc6 23. Rad1 Qf6 24. Rd7 Qg6 25. Qh4 Rcd8 26.
Bxf7+ Rxf7 27. Rxd8+ Nxd8 28. Qxd8+ Rf8 29. Qd5+ Kh8 30. Qxe5 Qf7 31. Nf5
Re8 32. Nd6 1-0

[Event "GMB"]
[Site "Bermuda BER"]
[Date "2003.02.04"]
[Round "10"]
[White "Kallio,H"]
[Black "Dinstuhl,V"]
[Result "1-0"]
[WhiteElo "2474"]
[BlackElo "2416"]
[EventDate "2003.01.25"]

1. e4 c5 2. Nf3 d6 3. d4 cxd4 4. Qxd4 Nc6 5. Bb5 Bd7 6. Bxc6 Bxc6 7. c4 Nf6
8. Nc3 e6 9. O-O Be7 10. Bg5 O-O 11. Rfe1 Ne8 12. Bxe7 Qxe7 13. Qd3 Nf6 14.
Nd4 Rfd8 15. Qg3 Rac8 16. b3 Bd7 17. Rad1 a6 18. a4 Re8 19. h3 Rcd8 20. f4
e5 21. Nf3 Nh5 22. Qg5 Qxg5 23. fxg5 Be6 24. Rd2 Kf8 25. Red1 Ke7 26. Ne2
g6 27. a5 Ng7 28. Nc3 Rd7 29. Na4 Rb8 30. Nb6 Rdd8 31. Kf2 Ne8 32. Ke3 Nc7
33. Rd3 Ne8 34. Ne1 f5 35. gxf6+ Nxf6 36. Nc2 g5 37. Nb4 h6 38. R3d2 Bg8
39. Rf2 Rf8 40. Rdf1 Nh7 41. N4d5+ Bxd5 42. cxd5 Rxf2 43. Rxf2 Nf8 44. Kf3
h5 45. Ke3 Nh7 46. Rc2 Kd8 47. b4 Nf8 48. Rf2 Ke7 49. g3 Nh7 50. Rc2 Kd8
51. Rc1 Nf8 52. Rf1 Ke7 53. h4 gxh4 54. gxh4 Ng6 55. Rc1 Rf8 56. Rc7+ Kd8
57. Rd7+ Ke8 58. Rxb7 Rf4 59. b5 1-0

[Event "GMB"]
[Site "Bermuda BER"]
[Date "2003.02.04"]
[Round "10"]
[White "Moreno Carnero,J"]
[Black "Seul,G"]
[Result "1/2-1/2"]
[WhiteElo "2508"]
[BlackElo "2437"]
[EventDate "2003.01.25"]

1. e4 d6 2. d4 g6 3. Nc3 Bg7 4. f4 Nf6 5. a3 O-O 6. Nf3 b6 7. e5 dxe5 8.
dxe5 Qxd1+ 9. Nxd1 Ne4 10. Bc4 Bb7 11. Nf2 e6 12. Be3 Nd7 13. Nxe4 Bxe4 14.
O-O-O Bxf3 15. gxf3 Rad8 16. c3 Nb8 17. Kc2 Nc6 18. Bf2 Ne7 19. Bh4 Rxd1
20. Rxd1 Nf5 21. Bf2 Bh6 22. Rd7 Bxf4 23. Rxc7 Rd8 24. Bd3 Be3 25. Be1 a5
26. Rb7 g5 27. h3 Nh4 28. Bxh4 gxh4 29. b4 axb4 30. axb4 Rd5 31. f4 1/2-1/2

[Event "GMB"]
[Site "Bermuda BER"]
[Date "2003.02.04"]
[Round "10"]
[White "Schmaltz,R"]
[Black "Mulyar,M"]
[Result "1/2-1/2"]
[WhiteElo "2529"]
[BlackElo "2446"]
[EventDate "2003.01.25"]

1. e4 e5 2. Nf3 Nc6 3. Nc3 Nf6 4. g3 Bc5 5. Bg2 d6 6. d3 a6 7. O-O O-O 8.
h3 Be6 9. Be3 Qd7 10. Ng5 Bxe3 11. fxe3 h6 12. Nxe6 fxe6 13. Qd2 Qe7 14.
Rf2 Nd7 15. Raf1 Rxf2 16. Rxf2 Qg5 17. Kh2 1/2-1/2

[Event "GMB"]
[Site "Bermuda BER"]
[Date "2003.02.04"]
[Round "10"]
[White "Fridman,D"]
[Black "Berg,E"]
[Result "1-0"]
[WhiteElo "2572"]
[BlackElo "2527"]
[EventDate "2003.01.25"]

1. Nf3 f5 2. d4 Nf6 3. g3 g6 4. Bg2 Bg7 5. O-O O-O 6. c4 d6 7. Nc3 Qe8 8.
d5 Na6 9. Rb1 c5 10. dxc6 bxc6 11. b4 Bd7 12. a3 Nc7 13. Bb2 Rb8 14. Qa4
Ne6 15. Rfd1 g5 16. Qc2 Qh5 17. c5 d5 18. b5 d4 19. Nxd4 Nxd4 20. Rxd4 f4
21. Ne4 Bf5 22. Nxf6+ Rxf6 23. Qb3+ Be6 24. Qf3 g4 25. Qxc6 fxg3 26. hxg3
Ba2 27. Qc7 Rbf8 28. Rf1 Rh6 29. f4 Qh2+ 30. Kf2 Bxd4+ 31. Bxd4 Bd5 32. Rg1
Rh3 33. Kf1 Qxg3 34. Bxd5+ 1-0

[Event "GMB"]
[Site "Bermuda BER"]
[Date "2003.02.05"]
[Round "11"]
[White "Paschall,W"]
[Black "Perelshteyn,E"]
[Result "0-1"]
[WhiteElo "2444"]
[BlackElo "2442"]
[EventDate "2003.01.25"]

1. d4 Nf6 2. c4 g6 3. Nc3 Bg7 4. e4 d6 5. Nf3 O-O 6. Be2 Na6 7. O-O e5 8.
Be3 Ng4 9. Bg5 Qe8 10. dxe5 dxe5 11. h3 f6 12. Bd2 Nh6 13. c5 c6 14. Bxa6
bxa6 15. Bxh6 Bxh6 16. Re1 Rb8 17. b3 Qe7 18. Na4 Rd8 19. Qe2 Rb7 20. Rad1
Rbd7 21. Rxd7 Qxd7 22. Nb2 Qe7 23. Rd1 Rxd1+ 24. Qxd1 Bf8 25. Nc4 Be6 26.
Nd6 Qd8 27. Qd2 Bxd6 28. cxd6 Kf7 29. Ne1 Ke8 30. Kh2 g5 31. g3 Kd7 32. f4
gxf4 33. gxf4 Qf8 34. Nd3 Qxd6 35. fxe5 fxe5 36. Nc5+ Ke7 37. Qg5+ Ke8 38.
Qe3 Bf7 39. Nxa6 Qa3 40. Qe2 Ke7 41. Kg3 h5 42. Kh4 Qa5 43. b4 Qa3 44. b5
Qc1 45. Qf2 cxb5 46. Qxa7+ Kf6 47. Qb6+ Kg7 48. Qf2 Qf4+ 49. Qxf4 exf4 50.
Nc5 Bxa2 51. Nd3 Bc4 52. Ne5 Be2 53. Nc6 Kg6 54. Nd4 Bc4 55. Nc6 Kf6 56.
e5+ Kf5 57. e6 Kxe6 58. Kxh5 f3 59. Nd4+ Kd5 60. Nxf3 Be2 0-1

[Event "GMB"]
[Site "Bermuda BER"]
[Date "2003.02.05"]
[Round "11"]
[White "Seul,G"]
[Black "Schmaltz,R"]
[Result "1-0"]
[WhiteElo "2437"]
[BlackElo "2529"]
[EventDate "2003.01.25"]

1. e4 d6 2. f4 c6 3. d4 g6 4. Nf3 d5 5. e5 h5 6. c3 Bf5 7. Be3 e6 8. Nbd2
Nh6 9. Qb3 Qb6 10. h3 Nd7 11. Be2 O-O-O 12. O-O Be7 13. Bf2 Kb8 14. Bh4
Bxh4 15. Nxh4 Be4 16. Nhf3 Bxf3 17. Nxf3 Qc7 18. Rac1 Rhf8 19. Qa3 Nf5 20.
Bd3 Rc8 21. b4 f6 22. Rce1 Ng3 23. Rf2 f5 24. Ng5 Rce8 25. c4 Ne4 26. Bxe4
dxe4 27. Qb3 Re7 28. Rc2 Rd8 29. Kh2 Nf8 30. Rd1 Red7 31. Rcd2 h4 32. a4
Ka8 33. a5 a6 34. Qe3 Re8 35. Qe1 Red8 36. Qe3 b5 37. axb6 Qxb6 38. Qa3 Ka7
39. Qc3 Rb8 40. Rb2 Rbd8 41. Ra2 Kb7 42. d5 Qf2 43. Ra5 Qe2 44. Qa1 Rc7 45.
b5 Kc8 46. b6 Rb7 47. Rxa6 Rdd7 48. Qa4 Kd8 49. Ra8+ Ke7 50. Qxc6 1-0

[Event "GMB"]
[Site "Bermuda BER"]
[Date "2003.02.05"]
[Round "11"]
[White "Dinstuhl,V"]
[Black "Moreno Carnero,J"]
[Result "1/2-1/2"]
[WhiteElo "2416"]
[BlackElo "2508"]
[EventDate "2003.01.25"]

1. d4 Nf6 2. Nf3 g6 3. Bg5 Bg7 4. Nbd2 d5 5. e3 O-O 6. Be2 c5 7. c3 Nbd7 8.
O-O b6 9. b4 a5 10. bxc5 bxc5 11. Rb1 a4 12. Bb5 Qa5 1/2-1/2